América Latina en el sistema de gobernanza local
محفوظ في:
| مؤلف مشترك: | |
|---|---|
| التنسيق: | كتاب |
| اللغة: | الإسبانية |
| منشور في: |
Buenos Aires
Konrad Adenauer Stiftung
2011
|
| سلاسل: | Diálogo Político, 4
|
| الموضوعات: | |
| الوسوم: |
إضافة وسم
لا توجد وسوم, كن أول من يضع وسما على هذه التسجيلة!
|
MARC
| LEADER | 00000cam a2200000 a 4500 | ||
|---|---|---|---|
| 001 | UCF2229 | ||
| 003 | CL-VaPUC | ||
| 008 | 120810e20110000AG |||||||||||||||||spa|d | ||
| 082 | 0 | 4 | |a 305.5 |b KON |2 21 |
| 110 | 2 | |a Konrad Adenauer Stiftung |e author |9 563822 | |
| 245 | 1 | 0 | |a América Latina en el sistema de gobernanza local |
| 300 | |a 231 p | ||
| 942 | |c BK | ||
| 945 | |d 20120810 00:00:00 |a dcastane | ||
| 260 | |a Buenos Aires |b Konrad Adenauer Stiftung |c 2011 | ||
| 650 | 0 | |a Política y gobierno |9 255151 | |
| 650 | 7 | |a SISTEMAS POLITICOS |2 CL-VaPUC |9 563823 | |
| 650 | 0 | |a Movilidad social |9 315088 | |
| 650 | 0 | |a Condiciones sociales |9 257278 | |
| 583 | |a last modification |c 20120810 11:35:00 |k Rodrigo Vera | ||
| 490 | 0 | |a Diálogo Político, 4 | |
| 999 | |c 348829 |d 348827 | ||
| 952 | |0 0 |1 0 |4 0 |6 305_500000000000000_KON_2011 |7 0 |8 A |9 451062 |a BIBDER |b BIBDER |d 2019-11-22 |i 4851854 |o 305.5 KON 2011 |p 4851854 |r 2023-01-25 |w 2019-11-22 |y BK |k DER | ||